000 00707cam a22002291 4500
001 ne 66002097
003 DLC
005 20260227111828.0
008 840110s1966 ua 000 0 arar
010 _ane 66002097
035 _a(OCoLC)10285429
040 _aDLC
_cTxU
_dDLC
042 _apremarc
050 0 0 _aQL336
_b.N3
100 1 _aNaẓīr, Wilyam.
245 1 3 _aal-Tharwah al-ḥayawānīyah ʻinda qudamāʼ al-Miṣrīyīn,
_cbi-qalam Wilyam Naẓīr.
260 _aal-Qāhirah,
_bal-Dār al-Qawmīyah lil-Ṭibāʻah wa-al-Nashr
_c[1966]
300 _a239 p.
_billus.
_c24 cm.
504 _aBibliography: p. 229-231.
650 0 _aZoology, Economic
_zEgypt.
651 0 _aEgypt
_xAntiquities.
999 _c49290
_d49290